Pokles záujmu o dlhové financovanie v podnikoch SR a jeho príčiny

Príspevok je deskripciou zmien v spôsobe financovania rozvoja slovenských podnikov z hľadiska zdrojov. Dokumentuje a grafickou analýzou ilustruje postupný prechod z dlhového financovania na financovanie z vlastných zdrojov z dôvodu prílevu zahraničného kapitálu do slovenských podnikov. Dôsledky v ba...

Descrizione completa

Salvato in:
Dettagli Bibliografici
Autore principale: Hyránek, Eduard, 1955-
Natura: Capitolo di libro
Lingua:slovacco
Soggetti:
Tags: Aggiungi Tag
Nessun Tag, puoi essere il primo ad aggiungerne!!

MARC

LEADER 00000naa$a2200000$$$4500
001 0069785
005 20240502083204.8
041 0 |a slo 
044 |a CZ 
245 1 0 |a Pokles záujmu o dlhové financovanie v podnikoch SR a jeho príčiny  |c Eduard Hyránek 
520 |a Príspevok je deskripciou zmien v spôsobe financovania rozvoja slovenských podnikov z hľadiska zdrojov. Dokumentuje a grafickou analýzou ilustruje postupný prechod z dlhového financovania na financovanie z vlastných zdrojov z dôvodu prílevu zahraničného kapitálu do slovenských podnikov. Dôsledky v bankovej sfére. 
610 2 0 |a podnik 
610 2 0 |a financovanie podnikov 
610 2 0 |a zdroje finančné cudzie 
610 2 0 |a zdroje finančné vlastné 
610 2 0 |a kapitál zahraničný 
610 2 0 |a Slovensko 
100 1 |a Hyránek, Eduard, 1955-